Hamilton songs by synopsis - Statistics

General Stats
  • This quiz has been taken 372 times
  • The average score is 13 of 15
Answer Stats
Hint Answer % Correct
AND PEGGY- The Schuyler Sisters
98%
The pamphlet that begins the flaming letters The Reynolds Pamphlet
95%
Flaming letters of intimacy Burn
94%
Let's go get some ladiesssss A Winters Ball
92%
I'mtakingthishorsebythereinsmakingredcoatsredderwithbloodstains Guns and Ships
92%
Oblivious to her sister's pain, she prepares for her wedding in blissful ignorance and happiness Helpless
91%
She knows her sister like she knows her own mind, she could never take this away from her Satisfied
91%
George Washington needs an adjutant, but not Burr - evidently Right Hand Man
88%
He's been in France, coming back to chaos What'd I Miss
87%
The first war of words - Jefferson winning as Hamilton doesn't have the votes Cabinet Battle #1
83%
Poor Samuel Seabury. He could never of won this argument in a musical about a revolution. Farmer Refuted
83%
Hamilton gets his first chance to meet and impress Lafayette, Mulligan, and Laurens Aaron Burr, Sir
80%
The poor guy just wanted a nice colony to love You'll be Back
75%
Willing to bide his time for the perfect life opportunity Wait for It
69%
The people battle, the world turning (metaphorically) upside down Yorktown (The World Turned Upside Down)
55%
No matching quizzes found
Score Distribution
Percent of People with Each Score
Percentile by Number Answered
Your Score History
You have not taken this quiz